Equipos de Fútbol de la Península Ibérica - Estadísticas

Estadísticas generales
  • Esta prueba ha sido intentada 699 veces
  • La puntuación promedio es 42 de 72
Estadísticas de respuestas
Imagen Respuesta % Correcto
Real Madrid CF
100%
FC Barcelona
99%
Athletic Club
98%
Atlético de Madrid
98%
Real Betis
98%
Real Sociedad
98%
Sevilla FC
98%
Valencia CF
98%
FC Porto
94%
SL Benfica
93%
Sporting CP
93%
Osasuna
92%
Celta de Vigo
90%
Getafe CF
88%
Rayo Vallecano
88%
RCD Mallorca
87%
Deportivo Alavés
86%
Girona FC
86%
Villarreal CF
86%
Granada CF
85%
Cadiz CF
84%
RCD Espanyol
84%
Levante UD
81%
Real Valladolid
81%
UD Almería
80%
Elche CF
79%
Real Zaragoza
78%
Málaga CF
77%
SC Braga
77%
SD Eibar
77%
CD Leganés
75%
RC Deportivo de La Coruña
75%
Sporting de Gijón
74%
Real Oviedo
72%
Racing de Santander
71%
SD Huesca
69%
Albacete Balompié
67%
FC Andorra
66%
AD Alcorcón
61%
CD Mirandés
61%
Racing de Ferrol
61%
FC Cartagena
59%
CD Castellón
57%
Burgos CF
56%
Gimnàstic de Tarragona
56%
CD Eldense
54%
Recreativo de Huelva
53%
SD Amorebieta
50%
Real Unión
46%
Boavista FC
43%
Vitoria SC
37%
Rio Ave FC
35%
Estoril Praia
28%
Gil Vicente FC
28%
FC Famalicão
27%
Moreirense FC
19%
Portimonense SC
19%
Casa Pia AC
17%
CF Estrela da Amadora
14%
FC Paços de Ferreira
14%
GD Chaves
14%
Lincoln Red Imps FC
14%
CD Tondela
12%
FC Vizela
12%
SC Farense
12%
Inter Club d'Escaldes
9%
FC Santa Coloma
7%
Leixões SC
7%
Europa FC
4%
FC Lusitanos
2%
St Joseph's FC
2%
UD Leiria
2%
No se encontraron pruebas coincidentes
Distribución de puntuación
Porcentaje de gente con cada puntuación
Porcentaje por número respondido
Historial de tus puntuaciones
No has intentado esta prueba.